[Event "Alegre op"]
[Site "Alegre"]
[Date "2024.03.10"]
[Round "4"]
[White "Nunes Da Silva, Tadeu Fernando"]
[Black "Strapazon, Alice Kubiczewski"]
[Result "1-0"]
[WhiteElo "1605"]
[BlackElo "1799"]
[PlyCount "97"]
[EventDate "2024.03.08"]
[EventType "swiss"]
[EventRounds "5"]
[EventCountry "BRA"]
[SourceTitle "CB12_2024"]
[SourceDate "2023.10.01"]
[SourceVersion "1"]
[SourceVersionDate "2023.10.01"]
[SourceQuality "1"]

1. e4 c5 2. Nf3 d6 3. d4 cxd4 4. Nxd4 Nf6 5. Nc3 a6 6. Nf3 e5 7. Bc4 b5 8. Bb3 Bb7 9. Ng5 d5 10. exd5 h6 11. Nf3 Bd6 12. 0-0 0-0 13. Re1 Re8 14. Ne4 Nxe4 15. Rxe4 Qf6 16. Nh4 g5 17. Qg4 Bc8 18. Qf3 Qxf3 19. Nxf3 f5 20. Re1 e4 21. Nd4 Kh7 22. c4 Bc5 23. Ne2 bxc4 24. Bxc4 f4 25. Kf1 Bg4 26. h3 Bh5 27. g4 fxg3 28. Nxg3 Bf3 29. Be3 Bb4 30. Rec1 Nd7 31. Be2 Nf6 32. Bxf3 exf3 33. Rd1 Rad8 34. Rd4 Bc5 35. Rd3 Bxe3 36. fxe3 Nxd5 37. Kf2 Rf8 38. Rad1 Nxe3 39. Kxe3 Rde8+ 40. Kf2 h5 41. Rxf3 Rxf3+ 42. Kxf3 h4 43. Rd7+ Kg8 44. Nh5 Kh8 45. Kg4 Re4+ 46. Kxg5 Re5+ 47. Kxh4 Re4+ 48. Kg5 Re5+ 49. Kg6 1-0

[Event "Alegre op"]
[Site "Alegre"]
[Date "2024.03.08"]
[Round "1"]
[White "Jardim, Frederico Rodrigues"]
[Black "Nunes Da Silva, Tadeu Fernando"]
[Result "1-0"]
[WhiteElo "1942"]
[BlackElo "1605"]
[PlyCount "55"]
[EventDate "2024.03.08"]
[EventType "swiss"]
[EventRounds "5"]
[EventCountry "BRA"]
[SourceTitle "CB12_2024"]
[SourceDate "2023.10.01"]
[SourceVersion "1"]
[SourceVersionDate "2023.10.01"]
[SourceQuality "1"]

1. e4 c6 2. d4 d5 3. exd5 cxd5 4. c4 Nf6 5. Nc3 Bf5 6. Qb3 e6 7. Nf3 Be7 8. Qxb7 Nbd7 9. Bf4 0-0 10. c5 Qc8 11. Qxc8 Raxc8 12. Ba6 Rc6 13. Bb7 Rcc8 14. Bxc8 Rxc8 15. b4 Nh5 16. Bd2 a6 17. a4 Bd3 18. b5 axb5 19. axb5 e5 20. c6 Nb6 21. Nxe5 Nf6 22. Nxd3 Re8 23. 0-0 Nc4 24. Bg5 h6 25. Bxf6 Bxf6 26. Nxd5 Bxd4 27. Ra4 Rd8 28. c7 1-0

[Event "Porto Alegre op"]
[Site "Porto Alegre"]
[Date "2023.08.27"]
[Round "5"]
[White "Gorgen, Antonio Rebello Hor"]
[Black "Nunes Da Silva, Tadeu Fernando"]
[Result "1-0"]
[WhiteElo "1798"]
[BlackElo "1348"]
[PlyCount "83"]
[EventDate "2023.08.25"]
[EventType "swiss"]
[EventRounds "5"]
[EventCountry "BRA"]
[SourceTitle "EXT 2024"]
[Source "ChessBase"]
[SourceDate "2023.10.10"]
[SourceVersion "1"]
[SourceVersionDate "2023.10.10"]
[SourceQuality "1"]

1. d4 c6 2. c4 d5 3. Nf3 Nf6 4. Qb3 e6 5. Nc3 Be7 6. Bg5 h6 7. Bh4 Nbd7 8. e3 0-0 9. Bd3 a6 10. a4 Nb6 11. c5 Nbd7 12. a5 Ne8 13. Bg3 Bf6 14. 0-0 Nc7 15. Bc2 Re8 16. Ne5 Nxe5 17. dxe5 Be7 18. Na4 Nb5 19. Qd3 g6 20. b4 d4 21. e4 Bh4 22. Rfd1 Bxg3 23. Qxg3 Kg7 24. Bd3 Rh8 25. Nb6 Rb8 26. Bxb5 cxb5 27. Qd3 Bd7 28. Qxd4 Bc6 29. Qe3 Qc7 30. Rd6 Rbd8 31. Rad1 Rxd6 32. exd6 Qb8 33. Qc3+ Kh7 34. Qf6 Rf8 35. Qe7 Qd8 36. Qc7 Qb8 37. e5 Kg8 38. f3 Rd8 39. Rd4 Bd5 40. Nxd5 exd5 41. Rxd5 Qxc7 42. dxc7 1-0

[Event "Porto Alegre op"]
[Site "Porto Alegre"]
[Date "2023.08.27"]
[Round "4"]
[White "Nunes Da Silva, Tadeu Fernando"]
[Black "Goetten Wagner, Julia"]
[Result "0-1"]
[WhiteElo "1348"]
[BlackElo "1645"]
[PlyCount "92"]
[EventDate "2023.08.25"]
[EventType "swiss"]
[EventRounds "5"]
[EventCountry "BRA"]
[SourceTitle "EXT 2024"]
[Source "ChessBase"]
[SourceDate "2023.10.10"]
[SourceVersion "1"]
[SourceVersionDate "2023.10.10"]
[SourceQuality "1"]

1. e4 c5 2. Nf3 e6 3. c3 Nf6 4. d3 Nc6 5. h3 Be7 6. Be2 Qc7 7. c4 d5 8. Nbd2 0-0 9. 0-0 dxe4 10. dxe4 Rd8 11. Qc2 e5 12. b3 Nd4 13. Nxd4 cxd4 14. Bd3 Nd7 15. Nf3 Nc5 16. Rd1 a5 17. Bg5 f6 18. Bh4 a4 19. Kh1 Bd7 20. Rdb1 axb3 21. Rxb3 Nxb3 22. Qxb3 Ra3 23. Qc2 Rc3 24. Qe2 Be6 25. Nd2 Ra8 26. f3 Raa3 27. Bb1 Rc1+ 28. Kh2 Re3 29. Qf2 Bxc4 30. a4 g5 31. Nxc4 Rxb1 32. Rxb1 Qxc4 33. Bg3 Re2 34. Qf1 d3 35. Rxb7 Bc5 36. Rd7 Bd4 37. Qb1 Rb2 38. Qd1 Qc2 39. Qxc2 Rxc2 40. Be1 d2 41. Bxd2 Rxd2 42. Rd8+ Kf7 43. Ra8 Be3 44. a5 Re2 45. a6 Bf4+ 46. Kg1 Bg3 0-1

[Event "Porto Alegre op"]
[Site "Porto Alegre"]
[Date "2023.08.26"]
[Round "2"]
[White "Nunes Da Silva, Tadeu Fernando"]
[Black "Moro, Luiz Osorio Pereira"]
[Result "0-1"]
[WhiteElo "1348"]
[BlackElo "1743"]
[PlyCount "80"]
[EventDate "2023.08.25"]
[EventType "swiss"]
[EventRounds "5"]
[EventCountry "BRA"]
[SourceTitle "EXT 2024"]
[Source "ChessBase"]
[SourceDate "2023.10.10"]
[SourceVersion "1"]
[SourceVersionDate "2023.10.10"]
[SourceQuality "1"]

1. e4 c5 2. Nf3 d6 3. d4 cxd4 4. Nxd4 Nf6 5. Nc3 a6 6. a3 Qc7 7. Be2 e6 8. 0-0 Be7 9. h3 Nbd7 10. Bf3 Ne5 11. Be2 0-0 12. Nf3 Ng6 13. Be3 b5 14. Na2 Nxe4 15. c3 Bb7 16. Qd4 Nc5 17. Nc1 e5 18. Qd2 Rac8 19. Bxc5 Qxc5 20. Na2 Nf4 21. Rac1 Bd5 22. Nb4 Nxe2+ 23. Qxe2 Bc4 24. Nd3 f5 25. Nxc5 Bxe2 26. Nxa6 Bxf1 27. Kxf1 h6 28. Nb4 Rf7 29. Nd5 Rc6 30. b3 Bf8 31. a4 bxa4 32. bxa4 Ra7 33. Ra1 Ra5 34. Ne3 Rxc3 35. Nxf5 Rc4 36. Nd2 Rcxa4 37. Rxa4 Rxa4 38. f3 d5 39. Ke2 Ra2 40. g4 Bb4 0-1

[Event "Porto Alegre op"]
[Site "Porto Alegre"]
[Date "2023.08.26"]
[Round "3"]
[White "Pereira, Mariana Sebolt"]
[Black "Nunes Da Silva, Tadeu Fernando"]
[Result "0-1"]
[WhiteElo "1745"]
[BlackElo "1348"]
[PlyCount "166"]
[EventDate "2023.08.25"]
[EventType "swiss"]
[EventRounds "5"]
[EventCountry "BRA"]
[SourceTitle "EXT 2024"]
[Source "ChessBase"]
[SourceDate "2023.10.10"]
[SourceVersion "1"]
[SourceVersionDate "2023.10.10"]
[SourceQuality "1"]

1. d4 c6 2. Bf4 d5 3. e3 Bf5 4. Ne2 h6 5. Ng3 Bh7 6. Bd3 Nf6 7. Bxh7 Nxh7 8. 0-0 Nf6 9. Nd2 e6 10. Nf3 Nbd7 11. c3 Be7 12. Ne5 Nxe5 13. Bxe5 Bd6 14. Bxd6 Qxd6 15. Re1 0-0 16. Nh5 Nxh5 17. Qxh5 c5 18. dxc5 Qxc5 19. e4 Rad8 20. Rad1 Qc4 21. Qe2 Qxa2 22. Ra1 Qb3 23. Rxa7 dxe4 24. h3 Rb8 25. Qd2 Rfd8 26. Qc1 b5 27. Ra3 Qc4 28. Qc2 Qd3 29. Qb1 Qc4 30. Qc2 b4 31. Rxe4 Qd5 32. Rxb4 Rbc8 33. Qb3 Qf5 34. c4 Rc7 35. Rb8 Rcd7 36. Rxd8+ Rxd8 37. Qc3 Qf4 38. g3 Rd1+ 39. Kg2 Qe4+ 40. Qf3 Qe1 41. Qxd1 Qxd1 42. c5 Qd5+ 43. Kg1 Qxc5 44. Kf1 Qc1+ 45. Kg2 Qxb2 46. Ra8+ Kh7 47. Ra7 Kg6 48. Ra5 e5 49. g4 f6 50. Ra4 Qc1 51. Kh2 Qe1 52. Kg2 e4 53. Ra3 Qc1 54. Rb3 Qc6 55. Kg3 Qe6 56. Re3 Qe5+ 57. Kg2 f5 58. gxf5+ Qxf5 59. f3 exf3+ 60. Rxf3 Qe4 61. Kg3 Kh7 62. Rf4 Qe5 63. Kg4 h5+ 64. Kf3 Qc3+ 65. Kg2 Qd2+ 66. Kg3 Kh6 67. Rf2 h4+ 68. Kf3 Qd3+ 69. Kg2 Qg3+ 70. Kf1 Qxh3+ 71. Kg1 Qe3 72. Kf1 h3 73. Rf6+ g6 74. Rxg6+ Kh5 75. Rg1 Qd3+ 76. Kf2 Kh4 77. Rh1 Qg3+ 78. Kf1 Qg2+ 79. Ke1 Qxh1+ 80. Kf2 h2 81. Ke3 Qe1+ 82. Kf3 h1Q+ 83. Kf4 Qhf1# 0-1

[Event "Porto Alegre op"]
[Site "Porto Alegre"]
[Date "2023.05.07"]
[Round "7"]
[White "Xavier, Adriana Goncalves"]
[Black "Nunes Da Silva, Tadeu Fernando"]
[Result "1-0"]
[WhiteElo "1800"]
[BlackElo "1351"]
[PlyCount "89"]
[EventDate "2023.05.05"]
[EventType "swiss"]
[EventRounds "7"]
[EventCountry "BRA"]
[SourceTitle "CBM 214 Extra"]
[Source "ChessBase"]
[SourceDate "2023.07.31"]
[SourceVersion "1"]
[SourceVersionDate "2023.07.31"]
[SourceQuality "1"]

1. e4 e5 2. Nf3 Nc6 3. Bc4 d6 4. d3 h6 5. 0-0 Nf6 6. Nc3 a6 7. a4 Bg4 8. Be3 Be7 9. h3 Bh5 10. Re1 0-0 11. Bd2 Nd4 12. Kh1 Nxf3 13. gxf3 Qc8 14. Kh2 c6 15. Rg1 Kh8 16. Rg3 d5 17. exd5 cxd5 18. Nxd5 Nxd5 19. Bxd5 Qc5 20. Qg1 Bf6 21. Bc4 Qd6 22. Qg2 e4 23. fxe4 Be5 24. f4 Bxf4 25. Bxf4 Qxf4 26. Kh1 Qe5 27. Rf1 Rad8 28. Rf5 Qxb2 29. Rxh5 Qf6 30. e5 Qc6 31. Qxc6 bxc6 32. Rf5 Rde8 33. Bxf7 Re7 34. Rgf3 Rb7 35. Ba2 Rxf5 36. Rxf5 Re7 37. e6 g5 38. Kg2 Kg7 39. Ra5 Kf6 40. Rxa6 Rc7 41. Ra5 Ke7 42. d4 Kd6 43. Rf5 Ra7 44. Bb3 Rc7 45. Rf7 1-0

[Event "Porto Alegre Trois Cup"]
[Site "Porto Alegre"]
[Date "2022.08.20"]
[Round "3"]
[White "De Mello, Joao Luiz"]
[Black "Nunes Da Silva, Tadeu Fernando"]
[Result "1-0"]
[WhiteElo "1594"]
[BlackElo "1359"]
[PlyCount "125"]
[EventDate "2022.08.19"]
[EventType "swiss"]
[EventRounds "5"]
[EventCountry "BRA"]
[SourceTitle "CBM 210 Extra"]
[Source "ChessBase"]
[SourceDate "2022.11.30"]
[SourceVersion "1"]
[SourceVersionDate "2022.11.30"]
[SourceQuality "1"]

1. c4 e5 2. g3 Nc6 3. Bg2 Nf6 4. Nc3 Be7 5. Nf3 h6 6. d3 a6 7. a3 d6 8. 0-0 0-0 9. Rb1 d5 10. cxd5 Nxd5 11. Nxd5 Qxd5 12. b4 Qd8 13. Bb2 Bd6 14. Qc2 Rb8 15. e3 Bf5 16. Nh4 Be6 17. Rfd1 Be7 18. Nf3 Bd6 19. d4 exd4 20. Nxd4 Nxd4 21. Bxd4 Qc8 22. Qc3 f6 23. Rbc1 Bh3 24. Bh1 Bg4 25. Rd2 Re8 26. Qb2 Kh8 27. Bxf6 Qd7 28. Bd4 Re7 29. Qc2 Bf5 30. Qd1 Qe8 31. Bc5 Bxc5 32. Rxc5 Qf8 33. Bxb7 Bg6 34. Bh1 Bf5 35. Rcd5 Kh7 36. Rd8 Rxd8 37. Rxd8 Qf7 38. Bd5 Qf6 39. Bg2 Qb2 40. Rd5 Bc2 41. Qe1 Qxa3 42. Rd4 Bg6 43. Rd1 c5 44. bxc5 Qxc5 45. Ra1 Ra7 46. Ra5 Qc7 47. Bf1 Qc8 48. Qa1 Qc6 49. Rxa6 Rxa6 50. Qxa6 Qc1 51. Qc4 Qa1 52. Kg2 Qa8+ 53. f3 Qd8 54. e4 Qe7 55. Bd3 Qd7 56. f4 Kh8 57. Kf3 Bh5+ 58. Kg2 Bg4 59. f5 Qb7 60. Qb5 Qa7 61. Qe8+ Kh7 62. Qg6+ Kg8 63. Qxg4 1-0

[Event "Porto Alegre IRT U2200 1st"]
[Site "Porto Alegre"]
[Date "2016.04.10"]
[Round "4.17"]
[White "Nunes Da Silva, Tadeu Fernando"]
[Black "Pinto, Jaer Morais"]
[Result "0-1"]
[WhiteElo "1800"]
[BlackElo "1794"]
[PlyCount "54"]
[EventDate "2016.04.09"]
[EventType "swiss"]
[EventRounds "5"]
[EventCountry "BRA"]
[SourceTitle "EXT 2022"]
[Source "ChessBase"]
[SourceDate "2021.10.06"]
[SourceVersion "1"]
[SourceVersionDate "2021.10.06"]
[SourceQuality "1"]

1. e4 c6 2. Bc4 d5 3. exd5 cxd5 4. Bb3 Nf6 5. Nf3 Bg4 6. 0-0 Nc6 7. d3 e6 8. Nbd2 Bd6 9. Qe1 0-0 10. c3 h6 11. d4 Qc7 12. a3 Bf5 13. c4 Bd3 14. c5 Be7 15. Ba2 Rad8 16. b4 a6 17. h3 Rfe8 18. Bb1 Bxf1 19. Qxf1 e5 20. dxe5 Nxe5 21. Bb2 Nxf3+ 22. Nxf3 Ne4 23. Bxe4 dxe4 24. Nh4 Bxh4 25. Qe2 Qd7 26. Qg4 Qxg4 27. hxg4 Bxf2+ 0-1